000 00205nam a2200085 4500
001 1258375
005 20260310101720.0
245 _aDÜNYANIN EN ÖNEMLİ ÖĞRENCİSİ
_cŞERMİN YAŞAR
260 _bTAZE KİTAP
999 _c1258375
_d1258375